<?xml version="1.0" encoding="UTF-8"?>
<collection xmlns="http://www.loc.gov/MARC21/slim">
 <record>
  <leader>00504nam  2200133#c 4500</leader>
  <controlfield tag="001">LC-7445</controlfield>
  <controlfield tag="003">UMA</controlfield>
  <controlfield tag="005">20230415    212433</controlfield>
  <controlfield tag="008">230415suuuu####   ##########||||#0#spa#d</controlfield>
  <datafield tag="336" ind1=" " ind2=" ">
   <subfield code="a">texto</subfield>
  </datafield>
  <datafield tag="337" ind1=" " ind2=" ">
   <subfield code="a">no mediado</subfield>
  </datafield>
  <datafield tag="338" ind1=" " ind2=" ">
   <subfield code="a">volumen</subfield>
  </datafield>
  <datafield tag="245" ind1=" " ind2=" ">
   <subfield code="a">Norma IRAM 20005-2  ISO 8586-2:1994 ICS 03.100.30: análisis sensorial : guía general para la selección, entrenamiento y seguimiento de los evaluadores</subfield>
  </datafield>
  <datafield tag="100" ind1=" " ind2=" ">
   <subfield code="a">IRAM. Instituto Argentino de Racionalización de Materiales. Instituto Argentino de Normalización</subfield>
  </datafield>
 </record>
</collection>
Cannot write session to /tmp/vufind_sessions/sess_3rdg53klc8jggusomkd1ua73fn
